000 00429nam a2200157 i 4500
001 104045
003 ES-MaACL
005 20230906183511.0
007 t|
008 051122s1921 fr ||||1| fre d
100 1 _aMichaud, Félix.
_980874
245 1 0 _aEnergétique Générale /
_cpar Félix Michaud.
260 _aParis :
_bGauthier-Villars,
_c1921.
300 _aVII, 230 p. :
_bil. ;
_c26 cm.
852 _aES-MaACL
_jF-511
999 _c104045
_d104045